Statistiques concernant Pays avec des manchots sauvages

Cliquez ici pour prendre le quiz!

Statistiques générales

  • Ce quiz a été pris 6 495 fois
    (2 129 depuis la dernière actualisation)
  • Le résultat moyen est 11 sur 15

Statistiques - réponses

EspècesPays% Correct
7Argentine
91%
11Australie
91%
10Chili
91%
7Nouvelle-Zélande
90%
4Afrique du Sud
87%
5France (TAAF)
82%
4Brésil
78%
5Royaume-Uni (Malouines)
76%
2Pérou
71%
3Uruguay
68%
3Norvège (Île Bouvet)
64%
2Namibie
62%
2Équateur
61%
1Mozambique
58%
1Angola
55%

Distribution des résultats

Percentile par nombre de réponses

% des personnes avec chaque résultat

Votre développement - résultats

Vous n’avez pas pris ce quiz depuis la dernière actualisation